|
|
|
|
| LEADER |
00000cam a2200000 7i4500 |
| 001 |
0000002240 |
| 005 |
20030409.0 |
| 090 |
0 |
0 |
|a JPSM352.34
|b MAL 2000
|
| 100 |
1 |
0 |
|a MALAYSIA
|c Jabatan Perhutanan Semenanjung Malaysia
|
| 245 |
1 |
0 |
|a Rancangan korporat (Corporate plan) 2001-1005 :
|b memelihara khazanah hutan untuk generasi akan datang
|
| 260 |
0 |
0 |
|a (Kuala Lumpur) :
|b Jabatan Perhutanan Semenanjung Malaysia ,
|c 2000
|
| 300 |
|
|
|a iii, 49 p ;
|c 23 cm.
|
| 650 |
0 |
0 |
|a Corporate planning
|
| 650 |
0 |
0 |
|a Forests and forestry
|
| 998 |
|
|
|a JPSM
|
| 999 |
|
|
|a 0000003956
|b Monograph
|c Open Shelf
|e Default branch
|
| 999 |
|
|
|a 0000003957
|b Monograph
|c Open Shelf
|e Default branch
|
| 999 |
|
|
|a 0000004312
|b Monograph
|c Open Shelf
|e Default branch
|